000 00354nam a2200133 4500
005 20260530113857.0
100 1 _aMOMA
_931895
245 1 0 _aDesign and the Modern Kitchen / Counter Space
264 1 _bMuseum of Modern Art NY
_c2011
300 _a88 páginas
336 _atexto
_2rdacontent
337 _asin medio
_2rdamedia
338 _avolumen
_2rdacarrier
999 _c11676
_d11676